Veľká perspektíva pre Áziu John Naisbitt : globalizácia - zelená pre etniká
Svetová sieť zahraničných Číňanov a jej vplyv na ekonomiku krajín. Revolúcia v telekomunikáciách. Menová kríza v Ázii. Záverečná časť vystúpenia Johna Naisbitta na 28. zasadnutí HN clubu.
Salvato in:
| Natura: | Libro |
|---|---|
| Lingua: | slovacco |
| Soggetti: | |
| Tags: |
Nessun Tag, puoi essere il primo ad aggiungerne!!
|
MARC
| LEADER | 00000nam a2200000 4500 | ||
|---|---|---|---|
| 001 | r030954 | ||
| 005 | 20230824094432.4 | ||
| 041 | 0 | |a slo | |
| 044 | |a SK | ||
| 245 | 1 | 0 | |a Veľká perspektíva pre Áziu |b John Naisbitt : globalizácia - zelená pre etniká |
| 520 | |a Svetová sieť zahraničných Číňanov a jej vplyv na ekonomiku krajín. Revolúcia v telekomunikáciách. Menová kríza v Ázii. Záverečná časť vystúpenia Johna Naisbitta na 28. zasadnutí HN clubu. | ||
| 610 | 2 | 0 | |a globalizácia hospodárstva |
| 610 | 2 | 0 | |a siete obchodné |
| 610 | 2 | 0 | |a menšiny národnostné |
| 610 | 2 | 0 | |a telekomunikácie |
| 610 | 2 | 0 | |a Čína |
| 610 | 2 | 0 | |a Ázia |
| 610 | 2 | 0 | |a trh kapitálový |
| 610 | 2 | 0 | |a Naisbitt, J. |